El evangelio según San Mateo

Bewaard in:
Bibliografische gegevens
Hoofdauteur: Gomá Civit, Isidro (Auteur)
Formaat: Boek
Taal:Spaans
Gepubliceerd in: Barcelona Facultad de Teología 1976
Editie:2a. ed
Reeks:Comentario al Nuevo Testamento, 3-1
Onderwerpen:
Tags: Voeg label toe
Geen labels, Wees de eerste die dit record labelt!

MARC

LEADER 00000cam a2200000 a 4500
001 UCD5843
003 CL-VaPUC
008 161028e19760000sp |||||||||||||||||spa|d
020 |a 842690324Xo.c 
082 0 4 |a 226.2  |b GOM  |2 21 
100 |a Gomá Civit, Isidro  |e author  |9 589643 
245 1 3 |a El evangelio según San Mateo 
250 |a 2a. ed 
300 |a v 
942 |c BK 
945 |d 20161028 10:18:00  |a dcastane 
260 |a Barcelona  |b Facultad de Teología  |c 1976 
500 |a v.1: 1-13 
500 |a v.2: 14-28 
650 0 |a Biblia  |9 257603 
650 0 |a Nuevo testamento  |9 257604 
650 0 |a Evangelios  |9 314864 
650 0 |a Evangelio de San Mateo  |9 584186 
583 |a last modification  |c 20161028 10:18:00  |k Rodrigo Vera 
490 0 |a Comentario al Nuevo Testamento, 3-1 
999 |c 366392  |d 366390 
952 |0 0  |1 0  |3 erd  |4 0  |6 226_200000000000000_GOM_1976  |7 0  |8 A  |9 480590  |a BIBTEO  |b BIBTEO  |h v.1  |i 5345227  |o 226.2 GOM 1976  |p 5345227  |r 2025-01-17  |w 2019-11-24  |y BK  |z Catalogado en:20161028  |k ICR 
952 |0 0  |1 0  |3 erd  |4 0  |6 226_200000000000000_GOM_1976  |7 0  |8 A  |9 480591  |a BIBTEO  |b BIBTEO  |h v.2  |i 5345235  |o 226.2 GOM 1976  |p 5345235  |r 2025-01-17  |w 2019-11-24  |y BK  |z Catalogado en:20161028  |k ICR